[Event "XLI C.to Italiano"]
[Site "Barcellona Pozzo di Gotto ITA"]
[Date "1981.08.??"]
[Round "1"]
[White "Albano, Marco"]
[Black "Tatai, Stefano"]
[Result "1/2-1/2"]
[WhiteElo "2305"]
[BlackElo "2465"]
[PlyCount "22"]
[EventDate "1981.08.01"]

1. e4 e5 2. Nf3 Nc6 3. d4 exd4 4. Nxd4 Bc5 5. Be3 Qf6 6. c3 Nge7 7. Be2 d5 8.
O-O O-O 9. Nxc6 Qxc6 10. Bxc5 Qxc5 11. Nd2 Be6 1/2-1/2

[Event "XLI C.to Italiano"]
[Site "Barcellona Pozzo di Gotto ITA"]
[Date "1981.08.??"]
[Round "1"]
[White "Cocchi, Andrea"]
[Black "Taruffi, Daniele"]
[Result "1/2-1/2"]
[WhiteElo "2265"]
[BlackElo "2380"]
[PlyCount "43"]
[EventDate "1981.08.01"]

1. d4 d5 2. c4 e6 3. Nc3 Nf6 4. Nf3 c6 5. e3 Nbd7 6. Bd3 dxc4 7. Bxc4 b5 8. Bd3
a6 9. e4 c5 10. d5 exd5 11. e5 Ng4 12. Bg5 f6 13. exf6 Ngxf6 14. Nxd5 Be7 15.
Nxe7 Qxe7+ 16. Be2 O-O 17. O-O Nb6 18. Re1 Qc7 19. Bh4 Bb7 20. Rc1 Rad8 21. Qc2
Rc8 22. Bg3 1/2-1/2

[Event "XLI C.to Italiano"]
[Site "Barcellona Pozzo di Gotto ITA"]
[Date "1981.08.??"]
[Round "1"]
[White "Messa, Roberto"]
[Black "Bruno, Fabio"]
[Result "1-0"]
[WhiteElo "2260"]
[BlackElo "2260"]
[PlyCount "107"]
[EventDate "1981.08.01"]

1. e4 c5 2. Nf3 e6 3. d4 cxd4 4. Nxd4 Nc6 5. Nb5 d6 6. c4 Nf6 7. N1c3 a6 8. Na3
Be7 9. Be2 O-O 10. O-O b6 11. Be3 Ne5 12. Rc1 Bb7 13. f3 Ned7 14. Qd2 Qb8 15.
Rfd1 Ra7 16. Bf1 Bc6 17. Nc2 Re8 18. Qf2 Bf8 19. Kh1 Ba8 20. Rd2 h5 21. Rcd1
Rc7 22. Bf4 Ne5 23. Ne3 Rcc8 24. Qg3 h4 25. Qf2 h3 26. g4 b5 27. Bxe5 dxe5 28.
cxb5 axb5 29. Bxb5 Rxc3 30. Bxe8 Rxe3 31. Qxe3 Qxe8 32. Rd8 Qa4 33. Qb3 Qa6 34.
Qa3 Qxa3 35. bxa3 Bc6 36. Rc1 Bb5 37. Rcc8 Nh7 38. Kg1 g6 39. Rb8 Bc4 40. a4
Kg7 41. Kf2 Bc5+ 42. Kg3 f5 43. gxf5 exf5 44. Rb7+ Kh6 45. Rh8 Kg5 46. exf5 Nf6
47. Rc7 Bd6 48. Rxc4 e4+ 49. Kxh3 exf3 50. fxg6 Kxg6 51. a5 Kf5 52. Rc6 Be5 53.
Rxf6+ Bxf6 54. Rf8 1-0

[Event "XLI C.to Italiano"]
[Site "Barcellona Pozzo di Gotto ITA"]
[Date "1981.08.??"]
[Round "1"]
[White "Santolini, Luigi"]
[Black "Martorelli, Antonio"]
[Result "1-0"]
[WhiteElo "2205"]
[BlackElo "2270"]
[PlyCount "77"]
[EventDate "1981.08.01"]

1. d4 Nf6 2. c4 g6 3. Nc3 Bg7 4. e4 d6 5. Be2 O-O 6. Bg5 c5 7. d5 h6 8. Bf4 e6
9. dxe6 Bxe6 10. Bxd6 Re8 11. Nf3 Qb6 12. Qd2 Rd8 13. e5 Ne8 14. Rd1 Nxd6 15.
exd6 Nc6 16. Ne4 Qb4 17. Qxb4 cxb4 18. Nc5 Bxb2 19. Nxb7 Bc3+ 20. Kf1 Rdb8 21.
Nc5 a5 22. Nxe6 fxe6 23. Bd3 a4 24. Be4 Ra6 25. Rd3 Bf6 26. Ke2 g5 27. h3 Kf7
28. Rhd1 Na5 29. c5 Ke8 30. Nd4 Kd7 31. c6+ Kxd6 32. Nb5+ Ke5 33. c7 Rc8 34.
Re3 Nc4 35. Bb7+ Nxe3 36. Bxc8 Nxd1 37. Bxa6 b3 38. c8=Q bxa2 39. Qc5+ 1-0

[Event "XLI C.to Italiano"]
[Site "Barcellona Pozzo di Gotto ITA"]
[Date "1981.08.??"]
[Round "1"]
[White "Tassi, Oliviero"]
[Black "Ceschia, Ivano"]
[Result "0-1"]
[WhiteElo "2200"]
[BlackElo "2275"]
[PlyCount "40"]
[EventDate "1981.08.01"]

1. c4 f5 2. Nf3 Nf6 3. g3 g6 4. Bg2 Bg7 5. O-O O-O 6. Nc3 d6 7. d4 Nc6 8. Bg5
Ne4 9. d5 Nxc3 10. bxc3 Ne5 11. Nxe5 Bxe5 12. Qd2 Qe8 13. e4 Qa4 14. f4 Bg7 15.
Qd3 e5 16. Rf2 h6 17. Bh4 Qa3 18. exf5 Bxf5 19. Be4 Bxe4 20. Qxe4 g5 0-1

[Event "XLI C.to Italiano"]
[Site "Barcellona Pozzo di Gotto ITA"]
[Date "1981.08.??"]
[Round "2"]
[White "Coppini, Giorgio"]
[Black "Messa, Roberto"]
[Result "0-1"]
[WhiteElo "2195"]
[BlackElo "2260"]
[PlyCount "78"]
[EventDate "1981.08.01"]

1. e4 c6 2. d4 d5 3. exd5 cxd5 4. c4 Nf6 5. Nc3 e6 6. Nf3 Be7 7. Bf4 O-O 8. c5
b6 9. b4 bxc5 10. bxc5 Ne4 11. Nxe4 dxe4 12. Ne5 f6 13. Nc4 e5 14. dxe5 Bxc5
15. Nd6 Be6 16. Nxe4 Bd4 17. exf6 Qa5+ 18. Qd2 Qxd2+ 19. Kxd2 Bxa1 20. Ng5 Bxa2
21. f7+ Rxf7 22. Nxf7 Bxf7 23. Bd3 Bd4 24. Be4 Nc6 25. Bxc6 Rc8 26. Bb7 Rd8 27.
Ke2 Bc4+ 28. Kf3 Rf8 29. Rc1 Bb3 30. g3 g5 31. Ke4 Bb2 32. Bxg5 Bxc1 33. Bxc1
Rxf2 34. h4 a5 35. Kd4 a4 36. Be4 Rf1 37. Bb2 Rg1 38. Kc5 Rxg3 39. Bc6 Rh3 0-1

[Event "XLI C.to Italiano"]
[Site "Barcellona Pozzo di Gotto ITA"]
[Date "1981.08.??"]
[Round "2"]
[White "Martorelli, Antonio"]
[Black "Cocchi, Andrea"]
[Result "1-0"]
[WhiteElo "2270"]
[BlackElo "2265"]
[PlyCount "137"]
[EventDate "1981.08.01"]

1. e4 c5 2. Nf3 d6 3. d4 cxd4 4. Nxd4 Nf6 5. Nc3 a6 6. g3 e5 7. Nb3 Be7 8. Bg2
O-O 9. a4 b6 10. O-O Nc6 11. Nd5 Nxd5 12. exd5 Na5 13. Nd2 Qc7 14. Qe2 Bd7 15.
c4 Bg5 16. f4 exf4 17. gxf4 Bf6 18. Ne4 Bd4+ 19. Be3 Qxc4 20. Qf2 Bxe3 21. Qxe3
Qb4 22. f5 f6 23. Qf4 Nc4 24. Rac1 Rac8 25. Rc3 Qxb2 26. Rg3 Qe5 27. Qg4 Rf7
28. Kh1 Nb2 29. Qh5 Rc4 30. Re3 g6 31. Qe2 Bxf5 32. Nd2 Qd4 33. Nxc4 Nxc4 34.
Rg3 Bd7 35. Rd1 Qc5 36. Rc1 b5 37. axb5 Bxb5 38. Qg4 Qf2 39. Rf3 Qa2 40. Rfc3
Ne5 41. Qe6 Qe2 42. h3 Bd7 43. Qxd6 Nd3 44. R1c2 Qd1+ 45. Kh2 Ne1 46. Ra2 Bf5
47. Qb8+ Rf8 48. Qb3 Qxb3 49. Rxb3 Nxg2 50. Rxg2 Rd8 51. Rd2 Rd6 52. Rb7 Bd7
53. Kg3 Kf7 54. Kf4 g5+ 55. Ke4 Kg6 56. Rb3 h5 57. Kd4 Bb5 58. Kc5 Rd8 59. Re3
Bd7 60. Kb6 Rc8 61. Kxa6 h4 62. Kb7 Rc4 63. d6 Kh5 64. Rdd3 f5 65. Re7 Bc8+ 66.
Kb8 g4 67. Rc7 Rxc7 68. dxc7 Be6 69. Rd6 1-0

[Event "XLI C.to Italiano"]
[Site "Barcellona Pozzo di Gotto ITA"]
[Date "1981.08.??"]
[Round "2"]
[White "Passerotti, Pierluigi"]
[Black "Albano, Marco"]
[Result "1-0"]
[WhiteElo "2320"]
[BlackElo "2305"]
[PlyCount "77"]
[EventDate "1981.08.01"]

1. e4 e5 2. Nf3 Nc6 3. Bb5 a6 4. Ba4 Nf6 5. d4 exd4 6. O-O Be7 7. Re1 O-O 8. e5
Ne8 9. Bf4 b5 10. Bb3 Bb7 11. Bd5 Na5 12. Bxb7 Nxb7 13. Nxd4 Nc5 14. Nc3 Ne6
15. Nd5 Bc5 16. Be3 Bxd4 17. Bxd4 d6 18. Bc3 dxe5 19. Bxe5 c6 20. Nb4 Qxd1 21.
Raxd1 c5 22. Nd5 Rd8 23. Kf1 f6 24. Bg3 Kf7 25. f3 f5 26. Be5 Nf6 27. Bxf6 gxf6
28. c3 Rfe8 29. a4 c4 30. axb5 axb5 31. Ne3 Rxd1 32. Rxd1 Kg6 33. Nc2 Nc5 34.
Nd4 Nd3 35. Nxb5 Nxb2 36. Rb1 Nd3 37. Nd6 Rd8 38. Nxc4 Rc8 39. Rd1 1-0

[Event "XLI C.to Italiano"]
[Site "Barcellona Pozzo di Gotto ITA"]
[Date "1981.08.??"]
[Round "2"]
[White "Tatai, Stefano"]
[Black "Santolini, Luigi"]
[Result "1-0"]
[WhiteElo "2465"]
[BlackElo "2205"]
[PlyCount "93"]
[EventDate "1981.08.01"]

1. d4 Nf6 2. c4 g6 3. Nc3 Bg7 4. e4 d6 5. f3 O-O 6. Bg5 c5 7. d5 e6 8. Nge2 h6
9. Be3 exd5 10. cxd5 Nbd7 11. Qd2 Kh7 12. Ng3 Ng8 13. Be2 a6 14. a4 b6 15. O-O
Bb7 16. f4 Qc7 17. Bc4 Rae8 18. Kh1 h5 19. e5 dxe5 20. Nge4 Nh6 21. Ng5+ Kg8
22. d6 Qc8 23. Nd5 Bxd5 24. Bxd5 Nf5 25. fxe5 Nxe5 26. Ne4 Qd7 27. Bf4 Kh8 28.
a5 Nxd6 29. Nxd6 Qxd6 30. axb6 Qxb6 31. Bxe5 Rxe5 32. Bxf7 Qb5 33. Qc1 Re2 34.
Bxg6 Qc6 35. Rxf8+ Bxf8 36. Qg5 Qe6 37. Qxh5+ Kg7 38. Qh7+ Kf6 39. Rf1+ Ke5 40.
Bf7 Qg4 41. Qh8+ Bg7 42. Qe8+ Kd6 43. Qb8+ Kc6 44. Be8+ Kd5 45. Qd8+ Ke5 46.
Bc6 Qe6 47. Bf3 1-0

[Event "XLI C.to Italiano"]
[Site "Barcellona Pozzo di Gotto ITA"]
[Date "1981.08.??"]
[Round "2"]
[White "Taruffi, Daniele"]
[Black "Tassi, Oliviero"]
[Result "0-1"]
[WhiteElo "2380"]
[BlackElo "2200"]
[PlyCount "80"]
[EventDate "1981.08.01"]

1. e4 c5 2. c3 d6 3. d4 Nf6 4. Bd3 Nc6 5. Ne2 Bd7 6. O-O cxd4 7. cxd4 e5 8.
Nbc3 Be7 9. Nd5 exd4 10. Nxe7 Qxe7 11. Bg5 O-O 12. f3 Rac8 13. Rc1 h6 14. Bh4
d5 15. exd5 Nb4 16. Bc4 d3 17. Nd4 Qe5 18. Bf2 Nfxd5 19. Qb3 d2 20. Rcd1 Nb6
21. Be2 N4d5 22. Rxd2 Qg5 23. Qd1 Bh3 24. Bg3 Ne3 25. Qe1 Nxg2 26. f4 Qa5 27.
Nb3 Qxa2 28. Qb1 Qxb3 29. Rf3 Qb4 30. Rd1 Bg4 31. Kxg2 Bxf3+ 32. Bxf3 Nc4 33.
Qe4 Rce8 34. Qd4 Ne3+ 35. Kg1 Qxd4 36. Rxd4 Nf5 37. Rd7 Re7 38. Rxe7 Nxe7 39.
Bxb7 Rb8 40. Ba6 Rb6 0-1

[Event "XLI C.to Italiano"]
[Site "Barcellona Pozzo di Gotto ITA"]
[Date "1981.08.??"]
[Round "3"]
[White "Bruno, Fabio"]
[Black "Coppini, Giorgio"]
[Result "0-1"]
[WhiteElo "2260"]
[BlackElo "2195"]
[PlyCount "105"]
[EventDate "1981.08.01"]

1. c4 Nf6 2. Nc3 c6 3. e4 d5 4. e5 d4 5. exf6 dxc3 6. bxc3 gxf6 7. d4 Bf5 8.
Bf4 Qa5 9. Bd2 h5 10. Be2 Bh6 11. Nf3 Bxd2+ 12. Qxd2 Nd7 13. Qb2 Rg8 14. g3
O-O-O 15. Nh4 Be4 16. f3 Bh7 17. Qb4 Qxb4 18. cxb4 Nb6 19. O-O-O Na4 20. Bd3
Bxd3 21. Rxd3 Nb6 22. Nf5 Rd7 23. Ne3 Kc7 24. Rhd1 e6 25. d5 exd5 26. cxd5 Rgd8
27. d6+ Rxd6 28. Rxd6 Rxd6 29. Rxd6 Kxd6 30. Nf5+ Ke5 31. Ng7 Nd5 32. f4+ Ke4
33. Nxh5 Kf3 34. Ng7 Kg4 35. h4 Kxg3 36. h5 Nxf4 37. h6 Kg4 38. Ne8 Kg5 39. h7
Ng6 40. Nd6 Kh6 41. Nxf7+ Kxh7 42. Nd8 Ne5 43. Nxb7 Nd3+ 44. Kd2 Nxb4 45. Nd8
c5 46. Ne6 Na6 47. Kd3 Kg6 48. Kc4 Kf5 49. Ng7+ Ke5 50. Nh5 f5 51. Kb5 f4 52.
a4 f3 53. a5 0-1

[Event "XLI C.to Italiano"]
[Site "Barcellona Pozzo di Gotto ITA"]
[Date "1981.08.??"]
[Round "3"]
[White "Cocchi, Andrea"]
[Black "Tatai, Stefano"]
[Result "1/2-1/2"]
[WhiteElo "2265"]
[BlackElo "2465"]
[PlyCount "24"]
[EventDate "1981.08.01"]

1. d4 Nf6 2. Nf3 b6 3. Bg5 e6 4. e3 Bb7 5. Nbd2 Be7 6. Bd3 d5 7. Ne5 Ne4 8.
Bxe7 Qxe7 9. c3 O-O 10. Qh5 f6 11. Nef3 Nd7 12. O-O Nxd2 1/2-1/2

[Event "XLI C.to Italiano"]
[Site "Barcellona Pozzo di Gotto ITA"]
[Date "1981.08.??"]
[Round "3"]
[White "Messa, Roberto"]
[Black "Ceschia, Ivano"]
[Result "1/2-1/2"]
[WhiteElo "2260"]
[BlackElo "2275"]
[PlyCount "57"]
[EventDate "1981.08.01"]

1. f4 c5 2. Nf3 Nc6 3. b3 d5 4. e3 a6 5. Bb2 Nf6 6. Be2 d4 7. O-O Bf5 8. exd4
cxd4 9. Ne5 Nb4 10. Na3 e6 11. Kh1 Rc8 12. d3 Nbd5 13. Nac4 b5 14. Bxd4 bxc4
15. bxc4 Nb6 16. c3 Bc5 17. g4 Bxd4 18. cxd4 Bg6 19. c5 Nbd7 20. Nc4 O-O 21. f5
exf5 22. gxf5 Nxc5 23. dxc5 Qd5+ 24. Bf3 Qxf5 25. Nd6 Qxc5 26. Nxc8 Qxc8 27. d4
Rd8 28. Qd2 h6 29. Rad1 1/2-1/2

[Event "XLI C.to Italiano"]
[Site "Barcellona Pozzo di Gotto ITA"]
[Date "1981.08.??"]
[Round "3"]
[White "Santolini, Luigi"]
[Black "Passerotti, Pierluigi"]
[Result "0-1"]
[WhiteElo "2205"]
[BlackElo "2320"]
[PlyCount "120"]
[EventDate "1981.08.01"]

1. d4 d5 2. c4 e6 3. Nc3 Nf6 4. Bg5 Be7 5. Nf3 Nbd7 6. e3 O-O 7. Rc1 a6 8. cxd5
exd5 9. Bd3 c6 10. O-O Ne4 11. Bf4 Ndf6 12. Ne5 Bf5 13. a3 Nxc3 14. Rxc3 Bxd3
15. Nxd3 Ne4 16. Rc2 Bd6 17. Bxd6 Nxd6 18. Ne5 Re8 19. Qg4 a5 20. a4 Re7 21.
Rb1 f6 22. Nd3 Nc4 23. Rc3 Qe8 24. b3 Nd2 25. Rbc1 Ne4 26. R3c2 Qf7 27. Nc5 f5
28. Qf3 Nxc5 29. Rxc5 f4 30. Qxf4 Qxf4 31. exf4 Re4 32. Rd1 Rxf4 33. f3 Kf8 34.
Kf2 Ke7 35. g3 Rf7 36. Re1+ Kd6 37. Rc3 Re7 38. Rxe7 Kxe7 39. Re3+ Kd6 40. Ke2
b5 41. Rc3 bxa4 42. bxa4 Rb8 43. Rc5 Rb4 44. Rxa5 Rxd4 45. Ra8 Kc5 46. h4 Rb4
47. Ra7 Kd4 48. f4 c5 49. Rxg7 c4 50. Rxh7 c3 51. Rc7 Rb2+ 52. Ke1 Kd3 53. h5
c2 54. g4 Rb1+ 55. Kf2 c1=Q 56. Rxc1 Rxc1 57. g5 Ke4 58. g6 Kf5 59. g7 Rc8 60.
Ke3 Kf6 0-1

[Event "XLI C.to Italiano"]
[Site "Barcellona Pozzo di Gotto ITA"]
[Date "1981.08.??"]
[Round "3"]
[White "Tassi, Oliviero"]
[Black "Martorelli, Antonio"]
[Result "1/2-1/2"]
[WhiteElo "2200"]
[BlackElo "2270"]
[PlyCount "36"]
[EventDate "1981.08.01"]

1. c4 Nf6 2. Nc3 g6 3. e4 d6 4. d4 Bg7 5. f3 O-O 6. Be3 Nc6 7. Nge2 Rb8 8. Qd2
a6 9. O-O-O b5 10. g4 e5 11. d5 Na5 12. Ng3 b4 13. Nb1 c6 14. dxc6 b3 15. a3
Be6 16. Qxd6 Qxd6 17. Rxd6 Nxc4 18. Bxc4 Bxc4 1/2-1/2

[Event "XLI C.to Italiano"]
[Site "Barcellona Pozzo di Gotto ITA"]
[Date "1981.08.??"]
[Round "4"]
[White "Albano, Marco"]
[Black "Santolini, Luigi"]
[Result "1-0"]
[WhiteElo "2305"]
[BlackElo "2205"]
[PlyCount "61"]
[EventDate "1981.08.01"]

1. e4 c5 2. g3 d5 3. exd5 Qxd5 4. Nf3 Bg4 5. Bg2 Qe6+ 6. Kf1 Bh3 7. b4 Qc4+ 8.
d3 Bxg2+ 9. Kxg2 Qxb4 10. Na3 Qb6 11. Rb1 Qc6 12. Nc4 b6 13. Re1 Nd7 14. Kg1 e6
15. Nfe5 Nxe5 16. Nxe5 Qb7 17. c3 Nf6 18. Qa4+ Nd7 19. d4 cxd4 20. cxd4 Bd6 21.
Nc4 Be7 22. Ba3 Rd8 23. Bxe7 Kxe7 24. Na5 Qd5 25. Nc6+ Kf6 26. Nxd8 Rxd8 27.
Rb5 Qb7 28. d5 Nc5 29. Qh4+ g5 30. Qd4+ Kg6 31. Qxc5 1-0

[Event "XLI C.to Italiano"]
[Site "Barcellona Pozzo di Gotto ITA"]
[Date "1981.08.??"]
[Round "4"]
[White "Ceschia, Ivano"]
[Black "Bruno, Fabio"]
[Result "1-0"]
[WhiteElo "2275"]
[BlackElo "2260"]
[PlyCount "81"]
[EventDate "1981.08.01"]

1. e4 c5 2. Nf3 e6 3. c3 Nf6 4. e5 Nd5 5. d4 cxd4 6. cxd4 d6 7. a3 Nd7 8. Bd3
Qc7 9. O-O a6 10. Qe2 b6 11. Bd2 Bb7 12. Nc3 Nxc3 13. Bxc3 dxe5 14. dxe5 Nc5
15. Bc2 Be7 16. Rac1 Bd5 17. b4 Nd7 18. Be4 Qb7 19. Bxd5 Qxd5 20. Rfd1 Qb7 21.
Bd2 O-O 22. Bg5 Bxg5 23. Nxg5 Rfc8 24. Qd3 Nf8 25. Rxc8 Rxc8 26. h4 b5 27. Ne4
Qc6 28. h5 h6 29. Nc5 a5 30. Qe2 axb4 31. axb4 Qb6 32. Rd6 Rc6 33. Rd3 Rxc5 34.
bxc5 Qxc5 35. Rd8 b4 36. Qd3 b3 37. Qxb3 Qxe5 38. Qa3 Qe1+ 39. Kh2 Qe5+ 40. g3
Qxh5+ 41. Kg2 1-0

[Event "XLI C.to Italiano"]
[Site "Barcellona Pozzo di Gotto ITA"]
[Date "1981.08.??"]
[Round "4"]
[White "Passerotti, Pierluigi"]
[Black "Cocchi, Andrea"]
[Result "1/2-1/2"]
[WhiteElo "2320"]
[BlackElo "2265"]
[PlyCount "140"]
[EventDate "1981.08.01"]

1. e4 e6 2. d4 b6 3. Bd3 Bb7 4. Nf3 c5 5. O-O Nf6 6. Re1 Be7 7. Nc3 cxd4 8.
Nxd4 d6 9. Bb5+ Nfd7 10. Qg4 a6 11. Bf1 O-O 12. Bh6 Bf6 13. Rad1 Ne5 14. Qg3
Ng6 15. Bc1 Qc7 16. Bg5 Bxg5 17. Qxg5 b5 18. a3 Nc6 19. Nxc6 Bxc6 20. f4 f6 21.
Qg4 Rfe8 22. Qf3 Rad8 23. Qe3 e5 24. f5 Ne7 25. Bd3 Bb7 26. Rd2 Qc5 27. Kf2 Kf8
28. Red1 Qxe3+ 29. Kxe3 Nc6 30. a4 bxa4 31. Nxa4 Ke7 32. Bc4 Nd4 33. c3 Nb5 34.
Nb6 Nc7 35. Nd5+ Bxd5 36. Bxd5 Rb8 37. Bc4 Rb6 38. Ra1 Reb8 39. b3 Kd7 40. Ra5
Kc6 41. Rda2 Rd8 42. h3 Kb7 43. Ra1 Rc6 44. Kd3 Ra8 45. b4 Rc8 46. Bb3 Rb6 47.
g4 Rb5 48. Rxb5+ Nxb5 49. Bc4 Nc7 50. h4 h6 51. Bf7 Rf8 52. Bb3 Kb6 53. Kc2 Ra8
54. Ra5 Rd8 55. Bc4 Ra8 56. Kb3 Rh8 57. Ra1 Ra8 58. Rd1 Rd8 59. Rg1 Rd7 60. g5
hxg5 61. hxg5 fxg5 62. Rxg5 Ne8 63. Bd5 Nf6 64. c4 a5 65. Rg1 axb4 66. Kxb4 Ra7
67. Rg2 Rc7 68. Rg3 Ra7 69. Rb3 Kc7 70. Rg3 Kb6 1/2-1/2

[Event "XLI C.to Italiano"]
[Site "Barcellona Pozzo di Gotto ITA"]
[Date "1981.08.??"]
[Round "4"]
[White "Tatai, Stefano"]
[Black "Tassi, Oliviero"]
[Result "1/2-1/2"]
[WhiteElo "2465"]
[BlackElo "2200"]
[PlyCount "44"]
[EventDate "1981.08.01"]

1. d4 Nf6 2. Nf3 b6 3. c4 e6 4. g3 Ba6 5. b3 Bb4+ 6. Bd2 Be7 7. Bg2 d5 8. cxd5
exd5 9. O-O O-O 10. Nc3 Re8 11. Re1 Bb7 12. Rc1 Na6 13. Ne5 c5 14. dxc5 Nxc5
15. Bg5 Rb8 16. Nd3 d4 17. Bxf6 Bxf6 18. Nxc5 Bxg2 19. Kxg2 dxc3 20. Qxd8 Rbxd8
21. Nd3 g6 22. Kf1 b5 1/2-1/2

[Event "XLI C.to Italiano"]
[Site "Barcellona Pozzo di Gotto ITA"]
[Date "1981.08.??"]
[Round "4"]
[White "Taruffi, Daniele"]
[Black "Messa, Roberto"]
[Result "0-1"]
[WhiteElo "2380"]
[BlackElo "2260"]
[PlyCount "74"]
[EventDate "1981.08.01"]

1. c4 Nf6 2. g3 e5 3. Bg2 Nc6 4. Nc3 g6 5. e3 Bg7 6. Nge2 d6 7. O-O h5 8. h3
Be6 9. Qa4 d5 10. d4 O-O 11. cxd5 Nxd5 12. Nxd5 Bxd5 13. e4 Be6 14. d5 Nd4 15.
Nxd4 Bd7 16. Nc6 Qe8 17. Be3 bxc6 18. dxc6 Bxc6 19. Qc2 Qe6 20. Rfc1 Rfd8 21.
Kh2 Rd6 22. Qc4 Qf6 23. h4 Kh7 24. Bc5 Re6 25. Bh3 Ree8 26. Rc3 Bb7 27. Rac1
Bf8 28. Kg2 Bxc5 29. Rf3 Qc6 30. Qxf7+ Kh6 31. Rf6 Qxe4+ 32. f3 Qe2+ 33. Kh1
Bxf3+ 34. Rxf3 Rf8 35. Rxc5 Rxf7 36. Rxf7 Rd8 37. Rc1 Rd2 0-1

[Event "XLI C.to Italiano"]
[Site "Barcellona Pozzo di Gotto ITA"]
[Date "1981.08.??"]
[Round "5"]
[White "Bruno, Fabio"]
[Black "Taruffi, Daniele"]
[Result "0-1"]
[WhiteElo "2260"]
[BlackElo "2380"]
[PlyCount "64"]
[EventDate "1981.08.01"]

1. Nf3 d5 2. b3 Bg4 3. Bb2 Nd7 4. e3 Ngf6 5. c4 e6 6. Be2 c6 7. d3 Bd6 8. O-O
O-O 9. Nbd2 Bh5 10. h3 h6 11. Nh4 Bxe2 12. Qxe2 Re8 13. cxd5 exd5 14. Nhf3 Qe7
15. Rfe1 Nc5 16. Ba3 Rad8 17. Rab1 Qd7 18. Bxc5 Bxc5 19. b4 Bd6 20. d4 Ne4 21.
Nxe4 dxe4 22. Nd2 Re6 23. Qg4 Qe7 24. a3 Bc7 25. Rec1 f5 26. Qxf5 Rd5 27. Qg4
Rg5 28. Qe2 Reg6 29. Qc4+ Kh8 30. Qf1 Qd6 31. f4 exf3 32. Qxf3 Qh2+ 0-1

[Event "XLI C.to Italiano"]
[Site "Barcellona Pozzo di Gotto ITA"]
[Date "1981.08.??"]
[Round "5"]
[White "Cocchi, Andrea"]
[Black "Albano, Marco"]
[Result "1-0"]
[WhiteElo "2265"]
[BlackElo "2305"]
[PlyCount "85"]
[EventDate "1981.08.01"]

1. c4 c5 2. Nc3 Nc6 3. g3 g6 4. Bg2 Bg7 5. e3 Nh6 6. e4 f5 7. d3 d6 8. Nge2 O-O
9. O-O e5 10. f4 fxe4 11. Nxe4 Nf5 12. fxe5 Nxe5 13. Bg5 Qb6 14. N2c3 Be6 15.
g4 Nd4 16. Nf6+ Rxf6 17. Bxf6 Bxg4 18. Bd5+ Kh8 19. Bxg7+ Kxg7 20. Qe1 Qd8 21.
Qg3 Nf5 22. Qf4 Bh3 23. Bg2 Bxg2 24. Kxg2 Nxd3 25. Qe4 Ne5 26. Kh1 Qd7 27. Rae1
Rf8 28. Nd5 Rf7 29. b3 b5 30. cxb5 Qxb5 31. Ne3 Nxe3 32. Rxf7+ Nxf7 33. Qxe3
Ne5 34. Qe4 Qc6 35. Qxc6 Nxc6 36. Re6 Nb4 37. Rxd6 Nxa2 38. Rd7+ Kf6 39. Rxh7
Nc1 40. Rh3 Ke5 41. Rc3 Nxb3 42. Rxb3 c4 43. Ra3 1-0

[Event "XLI C.to Italiano"]
[Site "Barcellona Pozzo di Gotto ITA"]
[Date "1981.08.??"]
[Round "5"]
[White "Coppini, Giorgio"]
[Black "Ceschia, Ivano"]
[Result "1/2-1/2"]
[WhiteElo "2195"]
[BlackElo "2275"]
[PlyCount "43"]
[EventDate "1981.08.01"]

1. e4 c5 2. Nc3 d6 3. g3 Nc6 4. Bg2 g6 5. d3 Bg7 6. Be3 Bd7 7. Qd2 Nd4 8. Nd1
Rc8 9. c3 Nc6 10. Ne2 Ne5 11. f4 Bh3 12. O-O Bxg2 13. Kxg2 Ng4 14. c4 e6 15.
Nec3 Ne7 16. h3 Nxe3+ 17. Nxe3 O-O 18. f5 Nc6 19. Rf2 Bd4 20. fxe6 fxe6 21.
Rxf8+ Qxf8 22. Ng4 1/2-1/2

[Event "XLI C.to Italiano"]
[Site "Barcellona Pozzo di Gotto ITA"]
[Date "1981.08.??"]
[Round "5"]
[White "Messa, Roberto"]
[Black "Martorelli, Antonio"]
[Result "1-0"]
[WhiteElo "2260"]
[BlackElo "2270"]
[PlyCount "69"]
[EventDate "1981.08.01"]

1. e4 c5 2. Nf3 e6 3. d4 cxd4 4. Nxd4 a6 5. c4 Nf6 6. Nc3 Qc7 7. a3 Nc6 8. Be3
Ne5 9. Be2 Ng6 10. Qd2 b6 11. Rc1 Bb7 12. f3 Rc8 13. b4 Be7 14. Na4 d6 15. O-O
O-O 16. Rfd1 Nd7 17. Nb3 Nge5 18. Bf1 Qd8 19. Qf2 Nxc4 20. Bxc4 b5 21. Na5 Ba8
22. Nb6 bxc4 23. Nxc8 Qxc8 24. Nxc4 Qb8 25. Ba7 Qb5 26. Nxd6 Qh5 27. Rc7 Bh4
28. Qc2 Ne5 29. Rc8 Be7 30. Rxf8+ Bxf8 31. Qc8 Bc6 32. Bc5 Nxf3+ 33. gxf3 Qxf3
34. Qxf8+ Kxf8 35. Nb5+ 1-0

[Event "XLI C.to Italiano"]
[Site "Barcellona Pozzo di Gotto ITA"]
[Date "1981.08.??"]
[Round "5"]
[White "Tassi, Oliviero"]
[Black "Passerotti, Pierluigi"]
[Result "1-0"]
[WhiteElo "2200"]
[BlackElo "2320"]
[PlyCount "51"]
[EventDate "1981.08.01"]

1. c4 e6 2. Nc3 d5 3. d4 Nf6 4. Nf3 c6 5. Qb3 Be7 6. Bg5 Nbd7 7. e3 O-O 8. Bd3
dxc4 9. Bxc4 b5 10. Bd3 a6 11. a4 b4 12. Ne4 a5 13. Rc1 Bb7 14. O-O Rc8 15.
Rfd1 Qb6 16. Ne5 Rfe8 17. Nc4 Qc7 18. Bf4 e5 19. Bxe5 Nxe5 20. Nxe5 Nd5 21. Nd2
Bg5 22. Ndf3 Bf6 23. Bc4 Red8 24. e4 Bxe5 25. Nxe5 Kf8 26. Bxd5 1-0

[Event "XLI C.to Italiano"]
[Site "Barcellona Pozzo di Gotto ITA"]
[Date "1981.08.??"]
[Round "6"]
[White "Albano, Marco"]
[Black "Tassi, Oliviero"]
[Result "1/2-1/2"]
[WhiteElo "2305"]
[BlackElo "2200"]
[PlyCount "104"]
[EventDate "1981.08.01"]

1. e4 c5 2. g3 Nc6 3. Bg2 g6 4. Ne2 Bg7 5. O-O Nf6 6. Nbc3 O-O 7. d3 Rb8 8. Bf4
d6 9. Qd2 Nd4 10. e5 Nh5 11. exd6 Nxf4 12. Nxf4 exd6 13. Rae1 Bg4 14. Nfd5 Be6
15. Nd1 b5 16. N1e3 b4 17. f4 Re8 18. c3 bxc3 19. bxc3 Nf5 20. Nxf5 gxf5 21.
Re2 a5 22. Rfe1 Qd7 23. c4 Bd4+ 24. Kh1 a4 25. Nc3 a3 26. Qc1 Rb2 27. Rxb2 axb2
28. Qxb2 Bxc4 29. Rxe8+ Qxe8 30. Qe2 Qxe2 31. Nxe2 Bxd3 32. Nxd4 cxd4 33. Kg1
Bc4 34. Kf2 Bxa2 35. Ke2 Bb1 36. Bf3 Be4 37. Bh5 Kg7 38. Kd2 Kf6 39. Bd1 Ke6
40. Bb3+ Ke7 41. Bd1 f6 42. Bb3 Kd7 43. Bg8 h6 44. Bb3 Kc6 45. Bd1 Kc5 46. Bb3
d3 47. Be6 Kd4 48. Bc8 Bc6 49. Bxf5 Be4 50. Be6 Bg6 51. Bh3 Bh7 52. Bg2 Bf5
1/2-1/2

[Event "XLI C.to Italiano"]
[Site "Barcellona Pozzo di Gotto ITA"]
[Date "1981.08.??"]
[Round "6"]
[White "Martorelli, Antonio"]
[Black "Bruno, Fabio"]
[Result "1-0"]
[WhiteElo "2270"]
[BlackElo "2260"]
[PlyCount "63"]
[EventDate "1981.08.01"]

1. e4 c5 2. Nf3 e6 3. d4 cxd4 4. Nxd4 Nc6 5. Nb5 d6 6. Bf4 e5 7. Be3 Nf6 8. Bg5
Be6 9. Nd2 a6 10. Bxf6 gxf6 11. Nc3 f5 12. Qh5 Nd4 13. Bd3 f4 14. g3 fxg3 15.
fxg3 Bg7 16. Nd5 O-O 17. c3 Nc6 18. Nf3 h6 19. g4 Bxd5 20. exd5 Ne7 21. O-O-O
Nxd5 22. Qf5 Nf6 23. g5 hxg5 24. Rdg1 e4 25. Rxg5 exd3 26. Rhg1 Ne8 27. Qg4 Qf6
28. Nd4 Kh7 29. Qe4+ Kh8 30. Rh5+ Bh6+ 31. Qe3 d2+ 32. Kd1 1-0

[Event "XLI C.to Italiano"]
[Site "Barcellona Pozzo di Gotto ITA"]
[Date "1981.08.??"]
[Round "6"]
[White "Santolini, Luigi"]
[Black "Cocchi, Andrea"]
[Result "0-1"]
[WhiteElo "2205"]
[BlackElo "2265"]
[PlyCount "46"]
[EventDate "1981.08.01"]

1. d4 e6 2. c4 b6 3. Nc3 Bb7 4. e4 Bb4 5. Bd3 f5 6. Qe2 Nf6 7. Bg5 O-O 8. f3
Qe8 9. exf5 Nc6 10. Qf2 exf5+ 11. Nge2 Ne4 12. fxe4 fxe4 13. Qxf8+ Qxf8 14.
Bxe4 Re8 15. Bd5+ Kh8 16. O-O-O Qf5 17. h4 Bxc3 18. Nxc3 Nb4 19. Rd2 Bxd5 20.
cxd5 Nd3+ 21. Rxd3 Qxd3 22. Rd1 Qc4 23. Rd2 h6 0-1